MARC

LEADER 00000nas a22000007i 4500
001 ssj0001454246
003 WaSeSS
005 20200512172242.0
006 m d
007 cr n
008 140723d20112016nyuqr p s 0 a0eng
010 |a  2014202921 
022 |a 2374-0566  |y 2156-941X 
035 |a (WaSeSS)ssj0001454246 
037 |b Nova Science Publishers, 400 Oser Avenue, Suite 1600, Hauppauge, NY 11788-3619  |c $75.00 (single issue)  |c $295.00 (annually) 
040 |a DLC  |b eng  |c DLC  |d DLC  |d OCLCO  |d COO  |d OCLCA  |d NTG  |d DLC  |d UAB  |d WaSeSS 
042 |a pcc  |a nsdp 
082 1 0 |a 616.8  |2 14 
210 0 |a Funct. neurol. rehabil. ergon.  |b (Online) 
222 0 |a Functional neurology, rehabilitation, and ergonomics  |b (Online) 
245 0 0 |a Functional neurology, rehabilitation, and ergonomics  |h [electronic resource]. 
246 1 |a Journal of functional neurology, rehabilitation, and ergonomics 
246 1 |a FNRE 
246 1 |a Official journal of the International Academy of Functional Neurology and Rehabilitation 
260 |a Hauppauge, N.Y. :  |b Nova Science Publishers, Inc.,  |c 2011 
310 |a Quarterly 
362 1 |a Began with: Volume 1, issue 1 (2011); ceased with volume 6, issue 4 (2016). 
506 |a License restrictions may limit access. 
588 |a Description based on: Volume 1, issue 1 (2011); title from PDF cover image (Nova Science website, viewed on July 23., 2014). 
588 |a Latest issue consulted: Volume 2, issue 4 (viewed on July 23, 2014). 
650 0 |a Nervous system  |x Diseases  |v Periodicals. 
650 0 |a Neurology  |v Periodicals. 
650 0 |a Nervous system  |x Diseases  |x Patients  |x Rehabilitation  |v Periodicals. 
650 7 |a Nervous system  |x Diseases.  |2 fast  |0 (OCoLC)fst01036098 
650 7 |a Nervous system  |x Diseases  |x Patients  |x Rehabilitation.  |2 fast  |0 (OCoLC)fst01036116 
650 7 |a Neurology.  |2 fast  |0 (OCoLC)fst01036390 
655 0 |a Electronic journals. 
710 2 |a International Academy of Functional Neurology and Rehabilitation. 
776 0 8 |a i Print version:  |t Functional neurology, rehabilitation, and ergonomics  |x 2156-941X  |w (DLC) 2010200858  |w (OCoLC)656425689 
856 4 0 |z Full text available from Research Library: 01/01/2011 to 10/31/2016  |u https://search.proquest.com/publication/2034878